Scratch a surveyor...the nearest anyone will ever get to telling the story of Drivers Jonas, traced through the diaries, letters, memos, reports which might have been written - and some which were - between 1725 and 1975 (Record no. 94552)
[ view plain ]
| 000 -LEADER | |
|---|---|
| fixed length control field | 00876cam a2200229 4500 |
| 001 - CONTROL NUMBER | |
| control field | D1309 |
| 008 - FIXED-LENGTH DATA ELEMENTS--GENERAL INFORMATION | |
| fixed length control field | 071211s1975 xxka e 00 0deng |
| 035 ## - SYSTEM CONTROL NUMBER | |
| System control number | (Sirsi) u63408 |
| 041 ## - LANGUAGE CODE | |
| Language code of text/sound track or separate title | eng |
| 050 04 - LIBRARY OF CONGRESS CALL NUMBER | |
| Classification number | 920 $2 18 |
| 100 1# - MAIN ENTRY--PERSONAL NAME | |
| Personal name | Barty-King, Hugh |
| 245 00 - TITLE STATEMENT | |
| Title | Scratch a surveyor...the nearest anyone will ever get to telling the story of Drivers Jonas, traced through the diaries, letters, memos, reports which might have been written - and some which were - between 1725 and 1975 |
| 260 ## - PUBLICATION, DISTRIBUTION, ETC. | |
| Place of publication, distribution, etc. | London |
| Name of publisher, distributor, etc. | Heinemann |
| Date of publication, distribution, etc. | 1975 |
| 300 ## - PHYSICAL DESCRIPTION | |
| Extent | xiv, 273p. |
| Other physical details | ill. |
| Dimensions | 24cm |
| 350 ## - PRICE (NR) (BK AM CF MU VM SE) [OBSOLETE] | |
| Price | 6.5 |
| 520 ## - SUMMARY, ETC. | |
| Summary, etc. | Library also holds a presentation copy of the book, housed in a slip-case, and shelved in the Reserve Collection. |
| 610 24 - SUBJECT ADDED ENTRY--CORPORATE NAME | |
| Corporate name or jurisdiction name as entry element | Drivers Jonas |
| 9 (RLIN) | 1941 |
| 651 #4 - SUBJECT ADDED ENTRY--GEOGRAPHIC NAME | |
| Geographic name | United Kingdom |
| Chronological subdivision | |
| 690 ## - LOCAL SUBJECT ADDED ENTRY--TOPICAL TERM (OCLC, RLIN) | |
| Topical term or geographic name as entry element | ABOUT RICS-RICS MEMBERS-CHARTERED SURVEYORS |
| 942 ## - ADDED ENTRY ELEMENTS (KOHA) | |
| Suppress in OPAC | 0 |
| 948 ## - LOCAL PROCESSING INFORMATION (OCLC); SERIES PART DESIGNATOR (RLIN) | |
| c (OCLC) | 04/03/1997 |
| Withdrawn status | Lost status | Source of classification or shelving scheme | Damaged status | Not for loan | Home library | Current library | Shelving location | Date acquired | Cost, normal purchase price | Total Checkouts | Full call number | Barcode | Date last seen | Copy number | Cost, replacement price | Price effective from | Koha item type |
|---|---|---|---|---|---|---|---|---|---|---|---|---|---|---|---|---|---|
| Dewey Decimal Classification | London | London | Reference copy | 14/09/1999 | 6.50 | 920 BAR | 30002426 | 06/08/2019 | 1 | 6.50 | 06/08/2019 | Book | |||||
| Dewey Decimal Classification | London | London | Basement | 11/12/2007 | RESERVE | 30077112 | 06/08/2019 | 1 | 06/08/2019 | Reference material |